5HLuxD.jpg

KING HENRY VIII SENIOR AND PRIMARY SCHOOL LIBRARY OPAC

White cat / (Record no. 71)

000 -LEADER
fixed length control field 00973cam a2200289 a 4500
001 - CONTROL NUMBER
control field 005465596
003 - CONTROL NUMBER IDENTIFIER
control field OSt
005 - DATE AND TIME OF LATEST TRANSACTION
control field 20190725082753.0
008 - FIXED-LENGTH DATA ELEMENTS--GENERAL INFORMATION
fixed length control field 141214s2010 nyu d 000 1 eng d
010 ## - LIBRARY OF CONGRESS CONTROL NUMBER
LC control number 2009033979
020 ## - INTERNATIONAL STANDARD BOOK NUMBER
International Standard Book Number 9781416963974
Qualifying information (pbk.) :
040 ## - CATALOGING SOURCE
Original cataloging agency NCNU
Language of cataloging eng
Transcribing agency NCNU
Modifying agency NCNU
Description conventions AACR2
042 ## - AUTHENTICATION CODE
Authentication code nbic
082 00 - DEWEY DECIMAL CLASSIFICATION NUMBER
Classification number FIC BLA
Edition number 22
100 1# - MAIN ENTRY--PERSONAL NAME
Personal name Black, Holly.
Relator term author
245 10 - TITLE STATEMENT
Title White cat /
Statement of responsibility, etc. Holly Black.
260 ## - PUBLICATION, DISTRIBUTION, ETC.
Place of publication, distribution, etc. New York :
Name of publisher, distributor, etc. Margaret K. McElderry Books,
Date of publication, distribution, etc. c2010.
300 ## - PHYSICAL DESCRIPTION
Extent 310 p. ;
Dimensions 22 cm.
490 ## - SERIES STATEMENT
Series statement The curse workers
Volume/sequential designation 1
520 ## - SUMMARY, ETC.
Summary, etc. When Cassel Sharpe discovers that his older brothers have used him to carry out their criminal schemes and then stolen his memories, he figures out a way to turn their evil machinations against them.
650 #1 - SUBJECT ADDED ENTRY--TOPICAL TERM
Topical term or geographic name entry element Science fiction.
650 #1 - SUBJECT ADDED ENTRY--TOPICAL TERM
Topical term or geographic name entry element Swindlers and swindling
Form subdivision Fiction.
650 #1 - SUBJECT ADDED ENTRY--TOPICAL TERM
Topical term or geographic name entry element Memory
Form subdivision Fiction.
650 #1 - SUBJECT ADDED ENTRY--TOPICAL TERM
Topical term or geographic name entry element Criminals
Form subdivision Fiction.
650 #1 - SUBJECT ADDED ENTRY--TOPICAL TERM
Topical term or geographic name entry element Brothers
Form subdivision Fiction.
942 ## - ADDED ENTRY ELEMENTS (KOHA)
Source of classification or shelving scheme
Koha item type Books - Fiction
Holdings
Withdrawn status Lost status Source of classification or shelving scheme Damaged status Not for loan Collection code Permanent Location Current Location Shelving location Date acquired Full call number Barcode Date last seen Price effective from Koha item type
          Fiction KH8 Senior School Library KH8 Senior School Library Fiction 2019-07-25 FIC BLA 3KHSL000101240 2024-07-16 2019-07-25 Books - Fiction

Powered By KH8 IT Dept